Freddy Fazbear's Pizzeria Simulator Catalog Quiz - Statistics

General Stats
  • This quiz has been taken 25 times
  • The average score is 27 of 60
Answer Stats
Hint Answer % Correct
Dumpster Diver Weekly Colorful Cups and Plates
83%
Rare Finds Auction Funtime Chica
83%
Stan's Budget Tech Mr. Hippo
83%
Rare Finds Auction Music Man
83%
Rare Finds Auction Orville Elephant
83%
Dumpster Diver Weekly Pan Stan
83%
Dumpster Diver Weekly Paper Cups and Plates
83%
Smiles and Servos, Inc. Rockstar Bonnie
83%
Smiles and Servos, Inc. Rockstar Chica
83%
Smiles and Servos, Inc. Rockstar Foxy
83%
Smiles and Servos, Inc. Rockstar Freddy
83%
Rare Finds Auction El Chip
75%
Smiles and Servos, Inc. Fruit Punch Clown
75%
Rare Finds Auction Lefty
75%
Smiles and Servos, Inc. Lemonade Clown
75%
Dumpster Diver Weekly Mr. Can-Do
75%
Dumpster Diver Weekly Mr. Hugs
75%
Stan's Budget Tech Nedd Bear
75%
Dumpster Diver Weekly No. 1 Crate
75%
Dumpster Diver Weekly Bucket Bob
67%
Stan's Budget Tech Fruity Maze Arcade
67%
Stan's Budget Tech Happy Frog
67%
Stan's Budget Tech Midnight Motorist Arcade
67%
Stan's Budget Tech PigPatch
67%
Stan's Budget Tech Candy Cadet
58%
Rare Finds Auction Egg Baby
58%
Rare Finds Auction Prize King
58%
Rare Finds Auction Security Puppet
58%
Rare Finds Auction Pickles
50%
Smiles and Servos, Inc. Security Doors
50%
Dumpster Diver Weekly Duck Pond
42%
Stan's Budget Tech Gumball Swivelhands
42%
Dumpster Diver Weekly Balloon Barrel
33%
Dumpster Diver Weekly Discount Ball Pit
33%
Rare Finds Auction Gravity Vortex
33%
Smiles and Servos, Inc. Neon Jukebox
33%
Stan's Budget Tech Novelty Traffic Light
33%
Dumpster Diver Weekly Paper Pals
33%
Smiles and Servos, Inc. Ballpit Tower
25%
Smiles and Servos, Inc. Carnival Hoops
25%
Rare Finds Auction Deluxe Ball Pit
25%
Smiles and Servos, Inc. Riding Rockets
25%
Dumpster Diver Weekly Sanitation Station
25%
Dumpster Diver Weekly Double Stage
17%
Smiles and Servos, Inc. Medical Stations
17%
Dumpster Diver Weekly Single Stage
17%
Rare Finds Auction Balloon Cart
8%
Smiles and Servos, Inc. Deluxe Concert Stage
8%
Stan's Budget Tech Deluxe Speaker Set
8%
Dumpster Diver Weekly Discount Cooling Unit
8%
Stan's Budget Tech Enhanced Speaker Set
8%
Stan's Budget Tech Foil Party Set
8%
Smiles and Servos, Inc. Ladder Tower
8%
Stan's Budget Tech Neon Stage Lights
8%
Smiles and Servos, Inc. Star Curtain Stage
8%
Stan's Budget Tech Sturdy Stage
8%
Stan's Budget Tech Sturdy Stage - Extended
8%
Rare Finds Auction Confetti Floor Tile
0%
Rare Finds Auction Disco Pizza Light
0%
Rare Finds Auction Neon Party Set
0%
No matching quizzes found
Score Distribution
Percent of People with Each Score
Percentile by Number Answered
Your Score History
You have not taken this quiz